| LEADER |
00950nas0a2200265 450 |
| 001 |
16868265 |
| 011 |
|
|
|b Br.
|d 6,5
|
| 100 |
|
|
|a 20260527d2026 u u0frey01 ba
|
| 101 |
0 |
|
|a fre
|
| 102 |
|
|
|a FR
|
| 110 |
0 |
|
|a auu 0uu0
|
| 200 |
0 |
|
|a GEO [ 568 ]
|f Arnaud Lagardère
|
| 207 |
|
1 |
|a 568
|
| 210 |
|
|
|a Gennevilliers
|c Prisma média
|
| 215 |
|
|
|a 1 vol. (120 p.)
|c Couv ill.coul
|d 21x27 cm
|
| 464 |
|
|
|a Barcelone, l'atelier à ciel ouvert de Gaudi
|
| 464 |
|
|
|a Aude : 5 forteresses cathares à découvrir
|
| 464 |
|
|
|a Alaska , ces archéologues qui protègent le passé des yupiks
|
| 464 |
|
|
|a Mexique : une goutte de sang pou rle dieu de la pluie
|
| 464 |
|
|
|a Montagne : Comment les hautes-Alpes s'adaptent au climat déréglé
|
| 676 |
|
|
|a 070.17
|
| 700 |
|
0 |
|a Lagardère
|b Arnaud
|4 70
|
| 900 |
|
|
|a Revues et magazines
|
| 901 |
|
|
|a Adultes
|
| 995 |
|
|
|a Médiathèque
|c Médiathèque
|f 089021883
|h 089021883
|k 070.17 GEO 568
|o p
|q j
|r az
|e Médiathèque
|